The Legend of Zelda: Breath of the Wild Bosses - Statistics

General Stats
  • This quiz has been taken 36 times
  • The average score is 14 of 22
Answer Stats
Answer % Correct
- Calamity Ganon
100%
- Hinox
96%
- Fireblight Ganon
92%
- Thunderblight Ganon
92%
- Waterblight Ganon
92%
- Windblight Ganon
92%
- Stone Talus
81%
- Blue Hinox
73%
- Black Hinox
69%
- Stalnox
65%
- Molduga
62%
- Dark Beast Ganon
58%
- Frost Talus
58%
- Lynel
58%
- Master Kohga
54%
- Igneo Talus
50%
DLC Monk Maz Koshia
50%
- Blue-Maned Lynel
42%
- White-Maned Lynel
42%
DLC Gold Lynel
35%
DLC Molduking
35%
- Silver Lynel
35%
No matching quizzes found
Score Distribution
Percent of People with Each Score
Percentile by Number Answered
Your Score History
You have not taken this quiz